SIET KERALA GENERAL SUBJECTS (Record no. 7957)
[ view plain ]
| 000 -LEADER | |
|---|---|
| fixed length control field | 00263nam a22001097a 4500 |
| 082 ## - DEWEY DECIMAL CLASSIFICATION NUMBER | |
| Classification number | 001 |
| Item number | SIE/K |
| 100 ## - MAIN ENTRY--AUTHOR NAME | |
| Personal name | GOVT. OF INDIA |
| 245 ## - TITLE STATEMENT | |
| Title | SIET KERALA GENERAL SUBJECTS |
| Remainder of title | SSLC PAREEKSHYKK ORAMUGHAM |
| 260 ## - PUBLICATION, DISTRIBUTION, ETC. (IMPRINT) | |
| Place of publication | NEW DELHI |
| Name of publisher | GOT. OFINDIA |
| 300 ## - PHYSICAL DESCRIPTION | |
| Other physical details | VCD |
| 942 ## - ADDED ENTRY ELEMENTS (KOHA) | |
| Koha item type | Books |
No items available.